2038 Procitnutí /
Udeřila třetí světová válka. Nejkratší válka historie. Svět se proměnil v pustinu, ve které přežívají jen střípky civilizace. Betonová džungle města Prahy se stala místem neustálého nebezpečí, ve kterém není otázka přežití každodenní samozřejmostí. Na každém rohu číhají nástrahy nového světa v podob...
Uloženo v:
| Série: | 2038,
část 1 |
|---|---|
| Hlavní autor: | |
| Médium: | E-kniha |
| Jazyk: | Czech |
| Vydáno: |
Praha :
E-knihy jedou,
2024
|
| Příbuzné jednotky: | Z cyklu::
2038 |
| Tagy: |
Žádné tagy |
| LEADER | 01524nam a22002417i 4500 | ||
|---|---|---|---|
| 001 | 312557 | ||
| 007 | ta | ||
| 008 | 260601s2024 xr ||||| |||| 00| 0 cze d | ||
| 020 | |a 9990004153455 | ||
| 044 | |a xr | ||
| 100 | 1 | |a Jindra, Jakub |4 aut | |
| 245 | 1 | 0 | |a 2038 Procitnutí / |c Jindra, Jakub |
| 264 | 1 | |a Praha : |b E-knihy jedou, |c 2024 | |
| 300 | |a 1 online zdroj (330 stran) | ||
| 336 | |a text |b txt |2 rdacontent | ||
| 337 | |a bez média |b n |2 rdamedia | ||
| 338 | |a online zdroj |b cr |2 rdacarrier | ||
| 520 | 2 | |a Udeřila třetí světová válka. Nejkratší válka historie. Svět se proměnil v pustinu, ve které přežívají jen střípky civilizace. Betonová džungle města Prahy se stala místem neustálého nebezpečí, ve kterém není otázka přežití každodenní samozřejmostí. Na každém rohu číhají nástrahy nového světa v podobě samotné matky přírody, divoké zvěře, samotářů, gangů a konfliktů velkých organizací. Jen málokdo se odváží postavit do cesty obávané mašinérii organizace Vlády. | |
| 787 | 0 | 8 | |g 1 |i Z cyklu: |t 2038 |
| 910 | |a RBIT002 | ||
| 998 | |d 415345 |a https://core.palmknihy.cz/api/books/415345/cover?smhn1r |b https://core.palmknihy.cz/api/books/415345/cover/400?smhn1r |c https://core.palmknihy.cz/api/books/415345/cover/50?smhn1r |e 2035-11-16 |g 330 |i 9990004153455 |j https://core.palmknihy.cz/api/books/415345/preview.epub |k https://core.palmknihy.cz/api/books/415345/preview.pdf |l |q 49 |r 1 |s https://www.palmknihy.cz/kniha/415345 |t ebook |y 2024 |z 1 |v 2038 |w 1 | ||
| 999 | |d 312555 | ||